| 000 | 00436nam a2200181Ia 4500 | ||
|---|---|---|---|
| 003 | 0STCL | ||
| 008 | 150530s9999 xx 000 0 und d | ||
| 040 |
_aSTCL _cSTCL |
||
| 100 | _aLalithambika Antherjanam | ||
| 245 | _aKilivathililoode | ||
| 250 | _a3 | ||
| 260 |
_bSahitya Pravarthaka Co Operative Society ; Kottaya _c1959 |
||
| 300 | _a0 | ||
| 546 | _aMalayalam | ||
| 942 |
_2ddc _cBK |
||
| 999 |
_c77260 _d77260 |
||
| 005 | 20220125171642.0 | ||